Rejected Daily Trivia #14 - Statistics

General Stats
  • This quiz has been taken 288 times
  • The average score is 8 of 10
Answer Stats
Question Answer % Correct
Which of the following is not a Roman numeral? W
91%
Which scientific field is Greek philosopher Pythagoras most commonly associated with? Mathematics
90%
In the Lord of the Rings, what is the character Sméagol also known as? Gollum
89%
Who performed the 1965 hit song California Dreamin'? The Mamas and the Papas
87%
What is the capital of Guatemala? Guatemala City
85%
What is 100 Celsius in Fahrenheit? 212
77%
How many sides does a dodecahedron have? 12
67%
What are the catholic Franciscans best known for? Their rejection of wealth and opulence
61%
Who got ten nominations and five wins at the 1999 Grammys with an album about her "miseducation"? Lauryn Hill
58%
How many players are simultaneously on the ice in a game of ice hockey? 12
49%
No matching quizzes found
Score Distribution
Percent of People with Each Score
Percentile by Number Answered
Your Score History
You have not taken this quiz